000 00531nam a2200157 a 4500
008 120416s0000 ||||||||||||||||| || u
020 _a0070530300
050 _aTA 407.2 Roa
100 _aRoark, Raymond Jefferson
245 1 0 _aFormulas for stress and strain
250 _a4th ed.
260 _aNew York
_bMcGraw-Hill
_c1965
300 _axiii, 432p.
350 _a0.00
995 _D0.00
_FCBU-MAIN LIBRARY (Kitwe)
_H1
_I6.95
_M1
_UAVAILABLE
_ZAnnex Low-Usage Collection
999 _c43828
_d43828